| 000 | 00813nas a2200253Ia 4500 | ||
|---|---|---|---|
| 001 | R008/F5193 | ||
| 003 | IT-RoPAU | ||
| 008 | 151124c99999999xx |||||||||||| ||und|| | ||
| 040 | _aIT-RoPAU | ||
| 040 | _cIT-RoPAU | ||
| 041 | _aITALIANO | ||
| 100 |
_aGandini Leonardo _gCodice Aut. SPICS: 21334 |
||
| 210 | _aGARAGE | ||
| 222 | _aGarage | ||
| 245 |
_aGARAGE, ANNO 04-N.09 (1997) _bPaesaggio Americano, Il Noir E Il Gangster Film |
||
| 250 | _a1a ed. | ||
| 260 |
_aTORINO _bPARAVIA _c1997 |
||
| 501 |
_bPaulus - SPICS - Società San Paolo EM (non-commercial uses only) _cCopyright2015 |
||
| 300 | _a5 p. [65-69] | ||
| 362 | _aANNO 004, N.09 (1997) | ||
| 500 | _aRiflessioni su Blood Simple, Crocevia per la Morte e Fargo dei Fratelli Coen. | ||
| 650 |
_aCINEMA _vPUBBLICAZIONE PERIODICA |
||
| 942 | _cCR | ||
| 999 |
_c116202 _d116202 |
||